Southville International School and Colleges
Your cart is empty.
  • Cart
  • Lists
    Public lists Eva Luna New books Lux_list list_1
    Your lists Log in to create your own lists
  • Log in to your account
  • Your cookies
  • Search history
Southville International School and Colleges
  • Advanced search
  • Recent comments
  • Most popular
  • Libraries

Log in to your account

Log in with GOOGLE


If you do not have an external account, but do have a local account, you can still log in:

  1. Home
  2. MARC view: Pronouce it perfectly in french.
Normal view MARC view ISBD view

Pronouce it perfectly in french. (Record no. 109729)

[ view plain ]
MARC details
000 -LEADER
fixed length control field 00377nam a2200157 a 4500
005 - DATE AND TIME OF LATEST TRANSACTION
control field 20140414093848.0
008 - FIXED-LENGTH DATA ELEMENTS--GENERAL INFORMATION
fixed length control field 110308s19uu xx 00 eng d
020 ## - INTERNATIONAL STANDARD BOOK NUMBER
International Standard Book Number 0764129309
050 ## - LIBRARY OF CONGRESS CALL NUMBER
Classification number CD 448
Item number PRO 2005
245 ## - TITLE STATEMENT
Title Pronouce it perfectly in french.
250 ## - EDITION STATEMENT
Edition statement 2nd ed
260 ## - PUBLICATION, DISTRIBUTION, ETC. (IMPRINT)
Place of publication, distribution, etc USA :
Name of publisher, distributor, etc Barron's,
Date of publication, distribution, etc 2005.
650 ## - SUBJECT ADDED ENTRY--TOPICAL TERM
Topical term or geographic name as entry element French
942 ## - ADDED ENTRY ELEMENTS (KOHA)
Koha item type Audio Visual Materials
Holdings
Withdrawn status Lost status Damaged status Home library Current library Shelving location Date acquired Source of acquisition Total Checkouts Full call number Barcode Date last seen Price effective from Koha item type
      Luxembourg Library Luxembourg Library Audio Visual Material Section 03/08/2011     CD 448 PRO 2005 AV1398 04/14/2014 04/14/2014 Audio Visual Materials

Pronouce it perfectly in french.

APA

(2005). Pronouce it perfectly in french. USA: Barron's.

Chicago

2005. Pronouce it perfectly in french. USA: Barron's.

Harvard

(2005). Pronouce it perfectly in french. USA: Barron's.

MLA

Pronouce it perfectly in french. USA: Barron's. 2005.

  • Place hold
  • Print
  • Cite
  • Add to your cart (remove)
  • Save record
    BIBTEX Dublin Core MARCXML MARC (non-Unicode/MARC-8) MARC (Unicode/UTF-8) MARC (Unicode/UTF-8, Standard) MODS (XML) RIS
  • More searches
    Search for this title in:
    Other Libraries (WorldCat) Other Databases (Google Scholar) Online Stores (Bookfinder.com) Open Library (openlibrary.org)

Exporting to Dublin Core...

SOUTHVILLE LIBRARY

Southville International School and Colleges Library

1281 Tropical Ave. Cor. Luxembourg St., BF Homes International, Las Pinas City

Tel. No. 8256374 / 252358 Loc. 117/146

Powered by Koha